000
00283nam a2200097Ia 4500
082
_a
658.8|ESS
245
0
_a
Essentials of marketing
100
_a
Cant, M. C. , 1957- Claremont [South Africa], 2013 4th ed.
_9
66609
942
_c
BK
008
210817s9999 xx 000 0 und d
999
_c
213876
_d
213875